Prognózy vývoja cien nehnuteľností na bývanie v prostredí krátkych časových radov

Gespeichert in:
Bibliographische Detailangaben
1. Verfasser: Karšay, Alexander, 1983-
Format: Buchkapitel
Sprache:Slowakisch
Tags: Tag hinzufügen
Keine Tags, Fügen Sie das erste Tag hinzu!

MARC

LEADER 00000nla a2200000 4500
001 0200305
005 20240502073404.6
041 0 |a slo 
044 |a SK 
245 1 0 |a Prognózy vývoja cien nehnuteľností na bývanie v prostredí krátkych časových radov  |c Alexander Karšay 
100 1 |a Karšay, Alexander, 1983-